ARRUPE JESUIT UNIVERSITY

CORONAVIRUS -STOP THE SPREAD - CLEAN,DISINFECT,COVER

Drama-teach (Record no. 124763)

MARC details
000 -LEADER
fixed length control field 00744nam a2200253 4500
001 - CONTROL NUMBER
control field 792198
003 - CONTROL NUMBER IDENTIFIER
control field ARRUPE
005 - DATE AND TIME OF LATEST TRANSACTION
control field 20160428115501.0
008 - FIXED-LENGTH DATA ELEMENTS--GENERAL INFORMATION
fixed length control field 740313s1973 sa b 000 0 eng
010 ## - LIBRARY OF CONGRESS CONTROL NUMBER
LC control number 74157345
015 ## - NATIONAL BIBLIOGRAPHY NUMBER
National bibliography number SA***
020 ## - INTERNATIONAL STANDARD BOOK NUMBER
International Standard Book Number 0949968099
040 ## - CATALOGING SOURCE
Original cataloging agency DLC
Transcribing agency DLC
Modifying agency DLC
050 00 - LIBRARY OF CONGRESS CALL NUMBER
Classification number PN3171
Item number .M37
082 00 - DEWEY DECIMAL CLASSIFICATION NUMBER
Classification number 792/.07/1042
300 ## - PHYSICAL DESCRIPTION
Dimensions 22 cm.
100 1# - MAIN ENTRY--PERSONAL NAME
Personal name Malan, Robin.
9 (RLIN) 23793
245 10 - TITLE STATEMENT
Title Drama-teach
Remainder of title drama-in-education and theatre for young people.
Statement of responsibility, etc Robin Malan
260 ## - PUBLICATION, DISTRIBUTION, ETC. (IMPRINT)
Place of publication, distribution, etc Cape town,
Name of publisher, distributor, etc D. Philip,
Date of publication, distribution, etc 1973.
300 ## - PHYSICAL DESCRIPTION
Extent viii, 132 p.
504 ## - BIBLIOGRAPHY, ETC. NOTE
Bibliography, etc "Recommended books and plays": p. 125-132.
650 #0 - SUBJECT ADDED ENTRY--TOPICAL TERM
Topical term or geographic name as entry element Drama in education.
9 (RLIN) 16351
906 ## - LOCAL DATA ELEMENT F, LDF (RLIN)
a 7
b cbc
c orignew
d 4
e ncip
f 19
g y-gencatlg
942 ## - ADDED ENTRY ELEMENTS (KOHA)
Source of classification or shelving scheme Library of Congress Classification
Koha item type Monograph ( Printed materials)
Holdings
Withdrawn status Lost status Source of classification or shelving scheme Damaged status Not for loan Collection code Home library Current library Shelving location Date acquired Total Checkouts Full call number Barcode Date last seen Price effective from Koha item type
    Library of Congress Classification     Main Collection ARRUPE LIBRARY ARRUPE LIBRARY Main Collection 28/04/2016   PN3171 .M37 46500006428 27/03/2019 28/04/2016 Monograph ( Printed materials)

 

Arrupe Library. PO Box MP320 Mt Pleasant, Harare, Zimbabwe
263 242 745411|librarian@aju.ac.zw